US Newspaper Headlines Quiz Stats

 Plays Quiz Updated Oct 14, 2016

Challenge
Share
Tweet
Embed
Score 0/20 Timer 03:00
1 Play Today
Hint State % Correct
Lawyer: Ann Arbor man tried to rescue, not run over, ducklings in parking lotMichigan
94.7%
Deer Hunt Sparks Debate in Baltimore CountyMaryland
91.3%
Former President Bush Rides Across the Desert With Wounded VeteransTexas
90.3%
Norfolk Teacher Who Held Mock Slave Auction On LeaveVirginia
89%
Do the Panthers Need a Wide Receiver?North Carolina
82.1%
Gotti Jr.'s Rat Buddy Gets 10 YearsNew York
80.7%
Harvard Scholar Elected Tibetan Exiles LeaderMassachusetts
80.4%
Feds' Worst-Case Arctic Oil Spill Far Exceeds Planning EstimateAlaska
77.7%
$1 million Ad Campaign Will fight Belief That Oil Spill Affected Pinellas BeachesFlorida
74.8%
Man Admits Robbing banks in Hackensack, Rutherford and Three Other TownsNew Jersey
74.1%
Hint State % Correct
Steel Valley Votes to Furlough 55Pennsylvania
73.6%
Giffords Flies to Florida for Husband's Shuttle LaunchArizona
72.6%
Pujols Returns, But Theriot OutMissouri
72.4%
Former Duluthian Found Safe in Florida After Family Feared AbductionMinnesota
64.5%
Jerry Brown Bans Nonessential Travel By State EmployeesCalifornia
64.3%
Villanova Business Dean Will Be Butler University's Next PresidentIndiana
53.8%
Mt. Hood Community College Says It Does Not Intend to Implement Final Contract Offer During the Current TermOregon
52.6%
FAA: Plane was coming from Ariz.New Mexico
44.8%
Scott Brooks Answers Back at George Karl's Assessment of ThunderOklahoma
44.3%
A Salute for Shoes: Soldier from Minot delivers thanks for shoes to AfghanistanNorth Dakota
34.1%

You're not logged in!

Compare scores with friends on all Sporcle quizzes.
OR
Log In

You Might Also Like...

Show Comments

Extras

Top Quizzes Today


Score Distribution

Your Account Isn't Verified!

In order to create a playlist on Sporcle, you need to verify the email address you used during registration. Go to your Sporcle Settings to finish the process.

Report this User

Report this user for behavior that violates our Community Guidelines.

Details: